[Event "47th IT Bosna 2017"]
[Site "Sarajevo"]
[Date "2017.05.16"]
[Round "5.28"]
[White "Muratovic, Efim"]
[Black "Jovovic, Milan"]
[Result "1-0"]
[WhiteElo "2383"]
[BlackElo "2032"]
[PlyCount "101"]
[EventDate "2017.05.13"]

1. Nf3 Nf6 2. g3 b6 3. Bg2 e6 4. Ne5 c6 5. c4 Qc7 6. d4 Bb4+ 7. Nc3 O-O 8. O-O
Bb7 9. Bg5 Ne8 10. Nd3 Bxc3 11. bxc3 d6 12. c5 bxc5 13. dxc5 d5 14. Bf4 Qc8 15.
c4 Nd7 16. Qa4 f6 17. Rfc1 dxc4 18. Qxc4 Nb8 19. Bh3 f5 20. Rd1 Kh8 21. Rab1
Nf6 22. Bd6 Ba6 23. Qb3 Re8 24. Bg2 Nbd7 25. Qa4 Nd5 26. Qd4 N7f6 27. Re1 Bxd3
28. Qxd3 a5 29. Qd4 a4 30. h3 a3 31. g4 h6 32. e4 fxe4 33. Bxe4 Nxe4 34. Rxe4
Ra7 35. Rb3 Qa6 36. Qe5 Rb7 37. Ra4 Qxa4 38. Rxb7 Qd1+ 39. Kh2 Nf6 40. Qe3 Qd5
41. Qxa3 h5 42. Qb3 Qd2 43. Qe3 Qxa2 44. g5 Qa8 45. Rc7 Nd5 46. Qf3 Rf8 47.
Qxh5+ Kg8 48. Rxg7+ Kxg7 49. Be5+ Nf6 50. gxf6+ Rxf6 51. Qg5+ 1-0

[Event "47th IT Bosna 2017"]
[Site "Sarajevo"]
[Date "2017.05.16"]
[Round "5.29"]
[White "Lakovic, Igor"]
[Black "Nikolic, Nebojsa"]
[Result "1/2-1/2"]
[WhiteElo "2009"]
[BlackElo "2378"]
[PlyCount "130"]
[EventDate "2017.05.13"]

1. d4 Nf6 2. c4 g6 3. Nc3 Bg7 4. e4 d6 5. Nf3 O-O 6. Be2 e5 7. d5 Na6 8. Bg5 h6
9. Be3 Ng4 10. Bc1 f5 11. Nd2 Qh4 12. Bxg4 fxg4 13. O-O Nc5 14. Nb3 b6 15. Be3
Rf7 16. Qe2 Bd7 17. Nxc5 bxc5 18. Rab1 a5 19. b3 Bf6 20. a3 Bg5 21. b4 axb4 22.
axb4 cxb4 23. Rxb4 Bf4 24. g3 Qh3 25. Rfb1 Bxe3 26. Rb8+ Kg7 27. Qxe3 Ra3 28.
R8b3 Ra5 29. Qe2 Qh5 30. Rb4 Qg5 31. Nd1 h5 32. Ne3 h4 33. Rb7 Bc8 34. Rb8 Rf8
35. Qd2 Ra4 36. R8b4 Ra7 37. Rb8 hxg3 38. hxg3 Qh5 39. Kf1 Qh1+ 40. Ke2 Qf3+
41. Kd3 Qxf2 42. Qxf2 Rxf2 43. R1b3 Rf8 44. Rc3 Ra1 45. Rc2 Rg1 46. Rg2 Rxg2
47. Nxg2 Kf7 48. Ne3 Ke7 49. Ra8 Kd8 50. c5 Rf3 51. Ke2 Rxg3 52. cxd6 cxd6 53.
Nc4 Kc7 54. Nxd6 Bd7 55. Nf7 Bb5+ 56. Kd2 Rd3+ 57. Kc2 g3 58. Rg8 Re3 59. Rxg6
Re2+ 60. Kc3 Rxe4 61. Rxg3 Be8 62. Rg7 Bxf7 63. Rxf7+ Kd6 64. Kd3 Ra4 65. Rf8
Kxd5 1/2-1/2

[Event "47th IT Bosna 2017"]
[Site "Sarajevo"]
[Date "2017.05.16"]
[Round "5.30"]
[White "Ananya, Rishi Gupta"]
[Black "Sitnic, Adnan"]
[Result "0-1"]
[WhiteElo "1955"]
[BlackElo "2235"]
[PlyCount "46"]
[EventDate "2017.05.13"]

1. e4 Nc6 2. d4 e5 3. d5 Nce7 4. Nf3 Ng6 5. a3 Nf6 6. Nc3 Bc5 7. h3 c6 8. Be2
cxd5 9. exd5 h6 10. Bd3 d6 11. Bxg6 fxg6 12. Qe2 O-O 13. Qc4 a6 14. O-O b5 15.
Qd3 Bf5 16. Qd1 g5 17. Re1 g4 18. Nh4 g3 19. Be3 gxf2+ 20. Bxf2 Bxf2+ 21. Kxf2
Ne4+ 22. Nxe4 Qxh4+ 23. Ng3 Bg4+ 0-1

[Event "47th IT Bosna 2017"]
[Site "Sarajevo"]
[Date "2017.05.16"]
[Round "5.31"]
[White "Velikic, Adela"]
[Black "Urh, Zala"]
[Result "1/2-1/2"]
[WhiteElo "2204"]
[BlackElo "2036"]
[PlyCount "66"]
[EventDate "2017.05.13"]

1. Nf3 Nf6 2. c4 e6 3. g3 d5 4. Bg2 Be7 5. O-O O-O 6. d4 dxc4 7. Nbd2 c5 8.
Nxc4 Nc6 9. dxc5 Bxc5 10. b3 Qe7 11. e3 Rd8 12. Qe2 e5 13. Bb2 e4 14. Nfd2 Bg4
15. Qe1 b5 16. Bxf6 gxf6 17. Nxe4 bxc4 18. Qc3 Ne5 19. Nxc5 Qxc5 20. Bxa8 Rxa8
21. f4 Nd3 22. Qxf6 Qxe3+ 23. Kg2 Qe2+ 24. Kg1 Bf3 25. Qg5+ Kf8 26. Qh6+ Ke8
27. Rxf3 Qxf3 28. Qxh7 Qe3+ 29. Kg2 Rd8 30. Qg8+ Ke7 31. Qg5+ Ke8 32. Qg8+ Ke7
33. Qg5+ Ke8 1/2-1/2

[Event "47th IT Bosna 2017"]
[Site "Sarajevo"]
[Date "2017.05.16"]
[Round "5.32"]
[White "Sinanovic, Ermin"]
[Black "Mrndjic, Muamer"]
[Result "1-0"]
[WhiteElo "1973"]
[BlackElo "2199"]
[PlyCount "99"]
[EventDate "2017.05.13"]

1. d4 d5 2. Nf3 Nf6 3. c4 e6 4. Nc3 Be7 5. Bg5 h6 6. Bh4 O-O 7. e3 a6 8. Rc1
Nbd7 9. cxd5 exd5 10. Bd3 b6 11. Ne5 Bb7 12. f4 c5 13. O-O c4 14. Bf5 b5 15. a3
Nb6 16. g4 g6 17. g5 Ne8 18. Bxg6 fxg6 19. Qc2 Ng7 20. Qxg6 Qd6 21. gxh6 Qxg6+
22. Nxg6 Bxh4 23. hxg7 Rfe8 24. Nxh4 Rxe3 25. Rce1 Rae8 26. Rxe3 Rxe3 27. Nf5
Re6 28. Rf3 Rf6 29. Ng3 Rf7 30. f5 Kxg7 31. Re3 Nd7 32. Kg2 Nf6 33. Kf3 Bc6 34.
Re6 Rc7 35. Kf4 a5 36. Ke5 b4 37. Rxf6 bxc3 38. Rg6+ Kf7 39. Rf6+ Ke7 40. bxc3
Be8 41. Re6+ Kf8 42. f6 Rb7 43. Nf5 Rb3 44. Nd6 Bh5 45. f7 Bxf7 46. Rf6 Rxc3
47. Rxf7+ Kg8 48. Kxd5 Rxa3 49. Kxc4 Ra2 50. Rf1 1-0

[Event "47th IT Bosna 2017"]
[Site "Sarajevo"]
[Date "2017.05.16"]
[Round "5.33"]
[White "Buzeti, Jernej"]
[Black "Cosovic, Aziz"]
[Result "0-1"]
[WhiteElo "2196"]
[BlackElo "2006"]
[PlyCount "70"]
[EventDate "2017.05.13"]

1. e4 c5 2. Nf3 d6 3. d4 cxd4 4. Nxd4 Nf6 5. Nc3 a6 6. Be3 e5 7. Nb3 Be7 8. f3
O-O 9. Qd2 Be6 10. O-O-O b5 11. g4 Qc7 12. g5 Nfd7 13. Nd5 Bxd5 14. exd5 Rc8
15. Bd3 Nb6 16. Bxb6 Qxb6 17. Kb1 Nd7 18. h4 a5 19. Bf5 Rc7 20. Qd3 Nf8 21. Nd2
a4 22. Ne4 b4 23. Rc1 Rb7 24. Rhg1 b3 25. cxb3 a3 26. Rg2 Rba7 27. bxa3 Rxa3
28. Rb2 Qa5 29. Nc3 Bd8 30. Na4 g6 31. Bg4 Qxa4 32. bxa4 Rxd3 33. Rb5 Rd4 34.
Rc6 Rdxa4 35. Rxd6 e4 0-1

[Event "47th IT Bosna 2017"]
[Site "Sarajevo"]
[Date "2017.05.16"]
[Round "5.34"]
[White "Kamberovic, Senad"]
[Black "Haskovic, Salih"]
[Result "1-0"]
[WhiteElo "2158"]
[BlackElo "1967"]
[PlyCount "73"]
[EventDate "2017.05.13"]

1. d4 d5 2. Nf3 Nf6 3. g3 e6 4. Bg2 Be7 5. O-O O-O 6. b3 b6 7. Bb2 Bb7 8. c4 c6
9. Nc3 Nbd7 10. Rc1 a6 11. Qd3 Re8 12. Rfd1 h6 13. Nd2 Nf8 14. e4 Rc8 15. e5
N6h7 16. Nf1 Ra8 17. Ne3 Bc8 18. f4 Bd7 19. Ne2 Ra7 20. h4 f5 21. exf6 Nxf6 22.
g4 N6h7 23. g5 h5 24. Ng3 g6 25. Rf1 Bd6 26. Rce1 Re7 27. Ne2 Rg7 28. Bh3 Bc8
29. c5 Be7 30. Kh1 b5 31. Ng1 Qe8 32. Ng2 Qf7 33. Nf3 Bd8 34. Ne5 Qb7 35. Re2
Bc7 36. Ne1 a5 37. N1f3 {Neèitak formular} 1-0

[Event "47th IT Bosna 2017"]
[Site "Sarajevo"]
[Date "2017.05.16"]
[Round "5.35"]
[White "Zenelaj, Fisnik"]
[Black "Bucan, Eldin"]
[Result "0-1"]
[WhiteElo "1919"]
[BlackElo "2126"]
[PlyCount "94"]
[EventDate "2017.05.13"]

1. e4 c5 2. Nf3 d6 3. d4 cxd4 4. Nxd4 Nf6 5. Nc3 a6 6. Bg5 Nbd7 7. Be3 b5 8. a3
Bb7 9. Bd3 g6 10. Qe2 Bg7 11. O-O O-O 12. f4 Qc7 13. f5 Nc5 14. fxg6 hxg6 15.
Bg5 Nfxe4 16. Nxe4 Bxd4+ 17. Kh1 Bxe4 18. Bxe4 Nxe4 19. Qxe4 Bxb2 20. Rae1 Be5
21. Qh4 Ra7 22. Rf3 Qc4 23. Bf4 Bf6 24. Qh6 Bg7 25. Qh4 f6 26. Qf2 Rc7 27. c3
e5 28. Be3 f5 29. Bb6 Rb7 30. Ba5 Qe6 31. Rh3 e4 32. Bb4 Be5 33. Qe2 Rh7 34.
Rxh7 Kxh7 35. Qf2 Rh8 36. Qa7+ Kg8 37. h3 d5 38. Rd1 f4 39. Qa8+ Kf7 40. Qb7+
Kf6 41. c4 f3 42. cxd5 Rxh3+ 43. Kg1 f2+ 44. Kxf2 Qf5+ 45. Ke2 Qg4+ 46. Kf2
Qg3+ 47. Kg1 Rh1+ 0-1

[Event "47th IT Bosna 2017"]
[Site "Sarajevo"]
[Date "2017.05.16"]
[Round "5.36"]
[White "Obuca, Bajro"]
[Black "Stanivukovic, Drago"]
[Result "1-0"]
[WhiteElo "2117"]
[BlackElo "1892"]
[PlyCount "35"]
[EventDate "2017.05.13"]

1. e4 c5 2. Nf3 d6 3. d4 cxd4 4. Nxd4 Nf6 5. Nc3 a6 6. Be2 g6 7. Be3 Bg7 8. f3
Nc6 9. Qd2 Nxd4 10. Bxd4 Be6 11. O-O-O Qc7 12. g4 Bc4 13. g5 Bxe2 14. gxf6 Bxd1
15. fxg7 Rg8 16. Rxd1 e5 17. Nd5 Qd8 18. Bb6 1-0

[Event "47th IT Bosna 2017"]
[Site "Sarajevo"]
[Date "2017.05.16"]
[Round "5.37"]
[White "Petrovic, Marija"]
[Black "Celik, Eda"]
[Result "1/2-1/2"]
[WhiteElo "2083"]
[BlackElo "1728"]
[PlyCount "82"]
[EventDate "2017.05.13"]

1. Nf3 Nf6 2. g3 g6 3. b3 Bg7 4. Bb2 O-O 5. Bg2 d6 6. d4 Nbd7 7. O-O e5 8. dxe5
Ng4 9. Qd2 Ndxe5 10. c4 Nxf3+ 11. Bxf3 Bxb2 12. Qxb2 Qf6 13. Nc3 Ne5 14. Bg2
Nc6 15. Qd2 Be6 16. Rad1 Qd8 17. Qf4 f5 18. c5 Qf6 19. Nd5 Qd8 20. cxd6 cxd6
21. Nc3 Qf6 22. Nb5 Rad8 23. Nxd6 g5 24. Qa4 Rd7 25. Nxb7 Rxb7 26. Qxc6 Rb6 27.
Qc7 Rf7 28. Qd8+ Kg7 29. Qxf6+ Kxf6 30. Rd2 Rc7 31. Rfd1 Ra6 32. f4 h6 33. Kf2
Rc3 34. Rd6 Rxd6 35. Rxd6 Ke7 36. Ra6 Rc7 37. Ke3 Rd7 38. Bc6 Rc7 39. Kd4 Bc8
40. Ra5 Rxc6 41. Rxa7+ Bd7 1/2-1/2

[Event "47th IT Bosna 2017"]
[Site "Sarajevo"]
[Date "2017.05.16"]
[Round "5.39"]
[White "Cabric, Izet"]
[Black "Strinic, Halid"]
[Result "0-1"]
[WhiteElo "1895"]
[BlackElo "2122"]
[PlyCount "83"]
[EventDate "2017.05.13"]

1. c4 c5 2. Nc3 Nf6 3. g3 d5 4. cxd5 Nxd5 5. Bg2 e6 6. Qb3 Nb6 7. a4 a5 8. d3
Be7 9. Bf4 O-O 10. Nb5 Na6 11. Rc1 Nd5 12. Bd2 Bd7 13. Nf3 f6 14. O-O Re8 15.
e4 Ndb4 16. d4 cxd4 17. Nfxd4 Nc5 18. Qd1 Qb6 19. Be3 Qd8 20. Rc4 Bf8 21. f4
Rc8 22. e5 b6 23. b3 Nd5 24. Bc1 Nb4 25. Be3 Ncd3 26. Be4 Rxc4 27. bxc4 Bxb5
28. Nxb5 Nc5 29. Bxc5 Bxc5+ 30. Kg2 f5 31. Bb1 Qe7 32. Qf3 Rd8 33. Rd1 Nc6 34.
Rxd8+ Nxd8 35. g4 g6 36. h3 Nf7 37. g5 h6 38. h4 Kg7 39. Bd3 Qd7 40. Kh3 hxg5
41. hxg5 Be7 42. Kg2 {Neèitak formular} 0-1

[Event "47th IT Bosna 2017"]
[Site "Sarajevo"]
[Date "2017.05.16"]
[Round "5.40"]
[White "Lapo, Safet"]
[Black "Aleksic, Neven"]
[Result "1/2-1/2"]
[WhiteElo "1844"]
[BlackElo "2121"]
[PlyCount "41"]
[EventDate "2017.05.13"]

1. d4 Nf6 2. Bf4 e6 3. e3 c5 4. c3 d5 5. Nf3 Nc6 6. Nbd2 Bd6 7. Bxd6 Qxd6 8.
dxc5 Qxc5 9. Nb3 Qe7 10. Be2 O-O 11. O-O e5 12. Rc1 Rd8 13. Nbd2 Bg4 14. Re1
Rac8 15. Qa4 e4 16. Nd4 Ne5 17. Bxg4 Nfxg4 18. Rf1 Nd3 19. Rc2 Qh4 20. h3 Ngxf2
21. N2b3 1/2-1/2

[Event "47th IT Bosna 2017"]
[Site "Sarajevo"]
[Date "2017.05.16"]
[Round "5.41"]
[White "Tomic, Jelena"]
[Black "Schettler, Juergen"]
[Result "0-1"]
[WhiteElo "1751"]
[BlackElo "2111"]
[PlyCount "86"]
[EventDate "2017.05.13"]

1. e4 e6 2. d4 d5 3. e5 c5 4. c3 Nc6 5. Nf3 Qb6 6. a3 Bd7 7. b4 cxb4 8. cxb4
Rc8 9. Be2 a5 10. b5 Nxd4 11. Nxd4 Rxc1 12. Qxc1 Qxd4 13. Qc3 Bc5 14. O-O Qxc3
15. Nxc3 Bd4 16. Rac1 Bxe5 17. Na4 Ne7 18. Nc5 b6 19. Na4 Nc8 20. Rc2 Kd8 21.
Rd1 Bd6 22. Rc3 f6 23. Rb3 Kc7 24. Nc3 Kb7 25. Bg4 h5 26. Bf3 Ne7 27. a4 Be5
28. Ne2 Nf5 29. g3 g5 30. h3 Bd6 31. Nd4 Nxd4 32. Rxd4 Bc5 33. Rd1 Kc7 34. Rc3
Kd6 35. Rcd3 Be8 36. g4 hxg4 37. hxg4 Bg6 38. Rc3 Rh4 39. Kg2 f5 40. gxf5 Bxf5
41. Ra1 Rb4 42. Be2 Bd4 43. Rc6+ Ke5 0-1

[Event "47th IT Bosna 2017"]
[Site "Sarajevo"]
[Date "2017.05.16"]
[Round "5.42"]
[White "Pleh, Semir"]
[Black "Medic, Nevenko"]
[Result "0-1"]
[WhiteElo "1678"]
[BlackElo "1996"]
[PlyCount "63"]
[EventDate "2017.05.13"]

1. c4 c5 2. Nf3 Nc6 3. g3 Nf6 4. Bg2 d5 5. cxd5 Nxd5 6. O-O e5 7. e4 Ndb4 8. a3
Nd3 9. Ne1 Nxc1 10. Qxc1 Nd4 11. Qd1 Be6 12. a4 Bb3 13. Qh5 Qf6 14. Nc3 g6 15.
Qg4 h5 16. Qh4 g5 17. Qh3 g4 18. Qh4 Qg7 19. Nd5 Bxd5 20. exd5 Be7 21. Qxe7+
Kxe7 22. Nd3 b6 23. Rfe1 f6 24. d6+ Kxd6 25. Bxa8 Rxa8 26. Red1 a5 27. Rac1 h4
28. Kg2 Qb7+ 29. Kg1 h3 30. Ne1 Nf3+ 31. Nxf3 Qxf3 32. Kf1 0-1

[Event "47th IT Bosna 2017"]
[Site "Sarajevo"]
[Date "2017.05.16"]
[Round "5.43"]
[White "Selimovic, Amir"]
[Black "Vujic, Milorad"]
[Result "1-0"]
[WhiteElo "1941"]
[BlackElo "1842"]
[PlyCount "71"]
[EventDate "2017.05.13"]

1. d4 d5 2. c4 e6 3. Nc3 Nf6 4. cxd5 exd5 5. Bg5 Be7 6. e3 c6 7. Bd3 Ne4 8.
Nxe4 Bxg5 9. Nxg5 Qxg5 10. Qf3 Qg4 11. h3 Qxf3 12. Nxf3 Nd7 13. O-O O-O 14. b4
a6 15. a4 a5 16. b5 c5 17. Bf5 c4 18. Bxd7 Bxd7 19. Rac1 f5 20. Ne5 Be6 21. f3
Rfd8 22. Kf2 g6 23. Ke2 Kg7 24. h4 Rd6 25. Kd2 Rf8 26. Kc3 Re8 27. Rfe1 Bg8 28.
Re2 Rde6 29. Rb1 b6 30. Rd1 Kf6 31. e4 Rxe5 32. dxe5+ Rxe5 33. Ree1 fxe4 34.
fxe4 h5 35. Rf1+ Kg7 36. g3 1-0

[Event "47th IT Bosna 2017"]
[Site "Sarajevo"]
[Date "2017.05.16"]
[Round "5.44"]
[White "Zaloznik, Vesna"]
[Black "Vujicic, Dragisa"]
[Result "1-0"]
[WhiteElo "1504"]
[BlackElo "1914"]
[PlyCount "83"]
[EventDate "2017.05.13"]

1. e4 e6 2. d4 d5 3. exd5 exd5 4. Bf4 Bd6 5. Bg3 Ne7 6. Bd3 Nbc6 7. Nf3 Bg4 8.
c3 Qd7 9. Nbd2 O-O-O 10. b4 Ng6 11. O-O Bxg3 12. fxg3 Rde8 13. Qc2 Kb8 14. a4
Bxf3 15. Nxf3 Nce7 16. a5 f6 17. b5 Nc8 18. b6 cxb6 19. axb6 Nxb6 20. Qa2 Nc8
21. Nd2 Nge7 22. Nb3 b6 23. Rfb1 Ka8 24. Nd2 Qc7 25. c4 dxc4 26. Be4+ Kb8 27.
Nxc4 Rd8 28. Rd1 Rd7 29. Rac1 Qd8 30. Qa6 Nd5 31. Bf5 Nc7 32. Qa1 Rd5 33. Be4
Rd7 34. Rb1 Re8 35. Bf3 Nd5 36. Rb5 g5 37. Rdb1 f5 38. g4 h5 39. h3 hxg4 40.
hxg4 Rde7 41. Ne5 Rxe5 42. dxe5 1-0

[Event "47th IT Bosna 2017"]
[Site "Sarajevo"]
[Date "2017.05.16"]
[Round "5.45"]
[White "Colpa, Husein"]
[Black "Krug, Franz-Dieter"]
[Result "1/2-1/2"]
[WhiteElo "1904"]
[BlackElo "1605"]
[PlyCount "70"]
[EventDate "2017.05.13"]

1. e4 e5 2. Nf3 d6 3. Nc3 Bg4 4. Bc4 h6 5. Nxe5 dxe5 6. Qxg4 Nf6 7. Qg3 Nbd7 8.
d3 c6 9. a4 Qa5 10. Bd2 Qb6 11. Nd1 Nh5 12. Qh3 Ndf6 13. O-O g6 14. Be3 Qc7 15.
Nc3 Qd7 16. Qf3 Qg4 17. d4 Qxf3 18. gxf3 exd4 19. Bxd4 Bg7 20. Bc5 Nd7 21. Ba3
Bxc3 22. bxc3 Ne5 23. Be2 Nf4 24. Bd1 Nc4 25. Bc1 Nh3+ 26. Kg2 Ng5 27. h4 Ne6
28. Be2 Nd6 29. Rd1 Ke7 30. e5 Nf5 31. Kh3 g5 32. h5 Nf4+ 33. Bxf4 gxf4 34. Kg4
Ng7 35. Rab1 Rab8 1/2-1/2

[Event "47th IT Bosna 2017"]
[Site "Sarajevo"]
[Date "2017.05.16"]
[Round "5.46"]
[White "Reinhard, Marcus"]
[Black "Bajic, Salko"]
[Result "1-0"]
[WhiteElo "2168"]
[BlackElo "1732"]
[PlyCount "84"]
[EventDate "2017.05.13"]

1. d4 Nf6 2. c4 g6 3. Nc3 Bg7 4. e4 d6 5. f3 O-O 6. Be3 c6 7. Bd3 Nbd7 8. Nge2
e5 9. d5 cxd5 10. cxd5 a6 11. Qd2 Nb6 12. g4 Bd7 13. h4 Na4 14. Nxa4 Bxa4 15.
Qb4 Qd7 16. Nc3 Bb5 17. Nxb5 axb5 18. Bxb5 Qd8 19. a4 Qa5 20. Qxa5 Rxa5 21. Rc1
Raa8 22. Ke2 h5 23. g5 Ne8 24. Rc4 f5 25. Rhc1 Bh8 26. Rc8 Ng7 27. R8c7 fxe4
28. fxe4 Rab8 29. b3 Ne8 30. Re7 Bg7 31. a5 Nf6 32. Rcc7 Bh8 33. gxf6 Bxf6 34.
Red7 Rfd8 35. Bg5 Bxg5 36. Rg7+ Kh8 37. hxg5 Rdc8 38. Rxc8+ Rxc8 39. Rxg6 Rc2+
40. Kd3 Rh2 41. Rxd6 h4 42. Rh6+ Kg7 1-0

[Event "47th IT Bosna 2017"]
[Site "Sarajevo"]
[Date "2017.05.16"]
[Round "5.47"]
[White "Gaspar, Zdravko"]
[Black "Halilovic, Fahrudin"]
[Result "1-0"]
[WhiteElo "1689"]
[BlackElo "2032"]
[PlyCount "72"]
[EventDate "2017.05.13"]

1. d4 f5 2. g3 Nf6 3. Bg2 e6 4. Nf3 d6 5. c3 Be7 6. Nbd2 O-O 7. O-O Nc6 8. Nc4
Rb8 9. a4 a6 10. a5 b5 11. axb6 cxb6 12. Qc2 b5 13. Ncd2 e5 14. dxe5 Nxe5 15.
Nd4 Qc7 16. N2f3 h6 17. Rd1 Nf7 18. Nh4 Ne4 19. Nhxf5 Neg5 20. Nxe7+ Qxe7 21.
Nc6 Qc7 22. Nxb8 Qxb8 23. Bf4 Nh3+ 24. Bxh3 Bxh3 25. f3 Qb6+ 26. Rd4 Ne5 27.
Qe4 Re8 28. Qd5+ Nf7 29. e3 g5 30. Bxd6 Rd8 31. Bc5 Qf6 32. Qe4 Rc8 33. Be7 Qg7
34. Rxa6 Ne5 35. Rd8+ Rxd8 36. Bxd8 Qd7 1-0

[Event "47th IT Bosna 2017"]
[Site "Sarajevo"]
[Date "2017.05.16"]
[Round "5.49"]
[White "Vrce, Anes"]
[Black "Colpa, Fahrudin"]
[Result "1-0"]
[WhiteElo "1648"]
[BlackElo "1882"]
[PlyCount "111"]
[EventDate "2017.05.13"]

1. e4 e5 2. Nf3 Nc6 3. Bb5 Qf6 4. d3 Nd4 5. Nxd4 exd4 6. O-O Nh6 7. Nd2 c6 8.
Bc4 a5 9. a4 Bd6 10. Nf3 Ng4 11. h3 h5 12. Ng5 Ne5 13. Ba2 O-O 14. f4 Ng4 15.
hxg4 hxg4 16. Qxg4 Be7 17. Qh5 Qh6 18. Qxh6 gxh6 19. Nf3 Bc5 20. f5 Kh7 21. Kf2
d5 22. exd5 Bxf5 23. dxc6 bxc6 24. Bf4 Be6 25. g3 Kg7 26. Be5+ f6 27. Bxd4
Bxd4+ 28. Nxd4 Bd7 29. Ne6+ Bxe6 30. Bxe6 Rab8 31. b3 Rbe8 32. Rae1 f5 33. Kg2
Rf6 34. Bc4 Ref8 35. Re6 Kg6 36. Rxf6+ Rxf6 37. Re1 Kg5 38. Re5 h5 39. Be6 Rh6
40. Rxf5+ Kg6 41. Rf4 Kg5 42. Bf5 Rf6 43. Be4 Rd6 44. Kh3 Kh6 45. Kh4 c5 46. c4
Rb6 47. Rf5 Rxb3 48. Rxh5+ Kg7 49. Rxc5 Kf6 50. Rxa5 Rb1 51. Rf5+ Ke6 52. g4
Rb2 53. Kg5 Ra2 54. a5 Ke7 55. Kg6 Ra1 56. g5 1-0

[Event "47th IT Bosna 2017"]
[Site "Sarajevo"]
[Date "2017.05.16"]
[Round "5.50"]
[White "Radaca, Nasir"]
[Black "Markovic, Rade A"]
[Result "0-1"]
[WhiteElo "1636"]
[BlackElo "1749"]
[PlyCount "46"]
[EventDate "2017.05.13"]

1. e4 e5 2. Nf3 Nc6 3. d4 Nf6 4. d5 Ne7 5. Nc3 Ng6 6. Be2 Bc5 7. O-O d6 8. h3
h6 9. Re1 O-O 10. a3 a5 11. Bb5 Nh7 12. Na4 Ba7 13. Bd2 f5 14. exf5 Bxf5 15.
Bd3 Bxd3 16. cxd3 Nh4 17. Nxh4 Qxh4 18. Be3 Bxe3 19. Rxe3 Rxf2 20. Qg4 Qxg4 21.
hxg4 Raf8 22. b3 Rd2 23. d4 Rff2 0-1

[Event "47th IT Bosna 2017"]
[Site "Sarajevo"]
[Date "2017.05.16"]
[Round "5.52"]
[White "Babic, Milana"]
[Black "Kanjic, Elvir"]
[Result "1/2-1/2"]
[WhiteElo "1520"]
[BlackElo "1722"]
[PlyCount "61"]
[EventDate "2017.05.13"]

1. e4 e5 2. Nf3 Nc6 3. Nc3 Nf6 4. Bb5 d6 5. O-O Be7 6. d3 O-O 7. Bxc6 bxc6 8.
Bg5 h6 9. Bd2 Bg4 10. h3 Be6 11. Qe2 Nh7 12. d4 f6 13. Rfe1 Qc8 14. Qd3 exd4
15. Nxd4 Bd7 16. Qc4+ Kh8 17. Nxc6 Re8 18. Nxe7 Rxe7 19. Nd5 Re5 20. Bf4 Rh5
21. b3 Bxh3 22. f3 Be6 23. Rad1 Ng5 24. Qxc7 Bxd5 25. Qxc8+ Rxc8 26. Rxd5 Rxc2
27. Bxd6 Rxa2 28. f4 Rh2 29. fxg5 Raxg2+ 30. Kf1 Rf2+ 31. Kg1 1/2-1/2

[Event "47th IT Bosna 2017"]
[Site "Sarajevo"]
[Date "2017.05.16"]
[Round "5.53"]
[White "Johnen, Franz"]
[Black "Fejzic, Danis"]
[Result "1/2-1/2"]
[WhiteElo "1707"]
[BlackElo "1439"]
[PlyCount "113"]
[EventDate "2017.05.13"]

1. d4 Nf6 2. Nf3 g6 3. e3 Bg7 4. c4 O-O 5. Nc3 d6 6. Be2 Nbd7 7. O-O b6 8. b3
Bb7 9. Bb2 e5 10. d5 a5 11. e4 Nc5 12. Qc2 c6 13. Rad1 cxd5 14. cxd5 Rc8 15.
Qb1 Ba6 16. Rfe1 Bxe2 17. Rxe2 Qd7 18. h3 b5 19. Rde1 b4 20. Nd1 Qb5 21. Nd2
Nd3 22. Nc4 Rxc4 23. Qxd3 Rc5 24. Qxb5 Rxb5 25. f3 Bh6 26. Kf2 Rc8 27. Ne3
Bxe3+ 28. Rxe3 Nh5 29. g3 f5 30. R3e2 f4 31. g4 Ng3 32. Rd2 Rbc5 33. Red1 Ra8
34. Rc1 Rxc1 35. Bxc1 Rc8 36. Bb2 h5 37. Ke1 Kg7 38. Rd1 Rc2 39. Rd2 Rxd2 40.
Kxd2 hxg4 41. hxg4 Nf1+ 42. Kd3 Ne3 43. Bc1 Kf6 44. a3 Ng2 45. axb4 axb4 46.
Bd2 Nh4 47. Ke2 g5 48. Bxb4 Ke7 49. Ba5 Kd7 50. b4 Ng6 51. b5 Kc8 52. b6 Kb7
53. Kf2 Ka6 54. b7 Kxb7 55. Bd8 Kc8 56. Bxg5 Kd7 57. Kg2 1/2-1/2

[Event "47th IT Bosna 2017"]
[Site "Sarajevo"]
[Date "2017.05.16"]
[Round "5.54"]
[White "Zaloznik S., Gal"]
[Black "Babic, Masa"]
[Result "0-1"]
[WhiteElo "1015"]
[BlackElo "1653"]
[PlyCount "116"]
[EventDate "2017.05.13"]

1. e4 e5 2. Nf3 Nc6 3. Bc4 Nf6 4. Ng5 d5 5. exd5 Na5 6. Bb5+ Bd7 7. Bxd7+ Qxd7
8. Nc3 Nxd5 9. O-O Nxc3 10. dxc3 Qxd1 11. Rxd1 h6 12. Nf3 f6 13. b3 Bd6 14. Be3
a6 15. c4 O-O-O 16. c5 Be7 17. Nh4 Rxd1+ 18. Rxd1 Rd8 19. Rxd8+ Kxd8 20. Ng6
Nc6 21. a3 Nd4 22. Bxd4 exd4 23. b4 Kd7 24. g4 a5 25. Kg2 axb4 26. axb4 Bd8 27.
Kf3 Kc6 28. Nf4 Kb5 29. Nd3 Kc4 30. Ke4 Kc3 31. f3 g6 32. Kd5 f5 33. Ke6 fxg4
34. fxg4 Kxc2 35. Ne1+ Kc3 36. Kd7 Bf6 37. b5 Kc4 38. c6 bxc6 39. bxc6 Be5 40.
Nf3 Bf4 41. h3 Kc3 42. Ke6 d3 43. Kf6 Kc4 44. Kxg6 d2 45. Nxd2+ Bxd2 46. h4 Kc5
47. g5 hxg5 48. hxg5 Kxc6 49. Kf5 Bc3 50. Ke4 Bg7 51. Kd3 Kd5 52. g6 c5 53. Ke2
Kd4 54. Kd2 c4 55. Kc2 c3 56. Kc1 Kd3 57. Kd1 c2+ 58. Kc1 Bh6+ 0-1

[Event "47th IT Bosna 2017"]
[Site "Sarajevo"]
[Date "2017.05.16"]
[Round "6.1"]
[White "Perunovic, Milos"]
[Black "Demchenko, Anton"]
[Result "1/2-1/2"]
[WhiteElo "2603"]
[BlackElo "2629"]
[PlyCount "54"]
[EventDate "2017.05.13"]

1. e4 e5 2. Nf3 Nc6 3. Bb5 a6 4. Ba4 d6 5. Bxc6+ bxc6 6. d4 f6 7. Nc3 g6 8. Qe2
Bg7 9. Be3 Ne7 10. O-O-O h6 11. Nd2 Be6 12. f4 exf4 13. Bxf4 O-O 14. Nf3 Qd7
15. Rhe1 Rfe8 16. h4 Bg4 17. Kb1 Kh7 18. Qf2 Rab8 19. Rd3 Be6 20. Rdd1 Bg8 21.
Bc1 a5 22. e5 Nd5 23. Nxd5 Bxd5 24. h5 g5 25. exf6 Bxf6 26. Ne5 dxe5 27. Qxf6
Qe6 1/2-1/2

[Event "47th IT Bosna 2017"]
[Site "Sarajevo"]
[Date "2017.05.16"]
[Round "6.2"]
[White "Nikolic, Predrag"]
[Black "Stojanovic, Dalibor"]
[Result "1/2-1/2"]
[WhiteElo "2607"]
[BlackElo "2478"]
[PlyCount "85"]
[EventDate "2017.05.13"]

1. d4 Nf6 2. c4 g6 3. g3 Bg7 4. Bg2 O-O 5. Nf3 d6 6. O-O Nc6 7. d5 Na5 8. Nfd2
c6 9. a3 cxd5 10. cxd5 Ng4 11. Ra2 Ne5 12. b3 Bf5 13. Bb2 Rc8 14. Bd4 Bxb1 15.
Qxb1 Nec4 16. Nf3 Ne5 17. Nd2 Nec4 18. Bxg7 Nxd2 19. Rxd2 Kxg7 20. Bh3 Rc7 21.
Rc2 b5 22. Rfc1 Rxc2 23. Qxc2 Qb6 24. Qc3+ Kg8 25. e3 Rb8 26. b4 Nc4 27. a4 a6
28. a5 Qb7 29. Qd4 Ne5 30. Kg2 e6 31. e4 exd5 32. Qxd5 Qxd5 33. exd5 Nd3 34.
Rc6 Nxb4 35. Rxd6 Re8 36. f4 Kf8 37. Bg4 h5 38. Bf3 Ke7 39. Rb6 Rd8 40. Kf2 Rd6
41. Rb7+ Rd7 42. Rb6 Rd6 43. Rb7+ 1/2-1/2

[Event "47th IT Bosna 2017"]
[Site "Sarajevo"]
[Date "2017.05.16"]
[Round "6.3"]
[White "Drasko, Milan"]
[Black "Kadric, Denis"]
[Result "1/2-1/2"]
[WhiteElo "2446"]
[BlackElo "2535"]
[PlyCount "76"]
[EventDate "2017.05.13"]

1. Nf3 g6 2. g3 Bg7 3. d4 d6 4. Bg2 Nd7 5. O-O e5 6. c4 Nh6 7. Nc3 O-O 8. e4 c6
9. h3 f5 10. Bg5 Qe8 11. Qd2 Nf7 12. Be3 fxe4 13. Nxe4 d5 14. cxd5 cxd5 15. Nc3
e4 16. Ne5 Nb6 17. f4 Nd6 18. b3 Nf5 19. Bf2 e3 20. Bxe3 Nxg3 21. Rfe1 Qd8 22.
a4 a5 23. Kh2 Nh5 24. Rf1 Bh6 25. Ne2 Bf5 26. Ng3 Nxg3 27. Kxg3 Nc8 28. Rac1
Ne7 29. Rc5 Be6 30. Kh2 Nf5 31. Bf2 Nh4 32. Bg3 Nxg2 33. Qxg2 Qb6 34. f5 Bxf5
35. Rxf5 Rxf5 36. Qxd5+ Kh8 37. Nf7+ Rxf7 38. Qxf7 Bg7 1/2-1/2

[Event "47th IT Bosna 2017"]
[Site "Sarajevo"]
[Date "2017.05.16"]
[Round "6.4"]
[White "Savic, Miodrag R"]
[Black "Lajthajm, Borko"]
[Result "1/2-1/2"]
[WhiteElo "2512"]
[BlackElo "2428"]
[PlyCount "24"]
[EventDate "2017.05.13"]

1. e4 e5 2. Nf3 Nc6 3. Bb5 a6 4. Ba4 d6 5. c3 Bd7 6. O-O Nf6 7. Re1 g6 8. d4
Qe7 9. dxe5 dxe5 10. c4 Bg7 11. Nc3 O-O 12. Be3 Na5 1/2-1/2